| 000 | 00457nam a2200145Ia 4500 | ||
|---|---|---|---|
| 003 | OSt | ||
| 005 | 20260123141833.0 | ||
| 008 | 211028s2016 xx 000 0 und d | ||
| 040 | _cAIMIT LIBRARY | ||
| 041 | _aeng | ||
| 100 |
_aAlbuquerque, Rishitha Queeny _g1416119 _97538 |
||
| 245 | _aStudy on the employee absenteeism with special reference to big bags international pvt ltd Mangalore / | ||
| 260 |
_aMangalore _bRayan D Souza. _c2016 |
||
| 942 |
_2ddc _cPRO |
||
| 999 |
_c219106 _d219106 |
||